| 000 | 00394nam a2200157Ia 4500 | ||
|---|---|---|---|
| 003 | LK-CoDNM | ||
| 008 | 010623t1918 xxu||||| |||| 00| 1 eng d | ||
| 040 |
_aLK-CoDNM _dLK-CoDNM _eLK-CoDNM |
||
| 041 | _aeng | ||
| 080 |
_a50 _bC11 |
||
| 245 | _aThe Post Telegraph Library Recreation Club | ||
| 260 |
_bCeylon Observer _aColombo _c1918 |
||
| 300 | _b6P., 20 cm | ||
| 650 | _aClubs | ||
| 942 | _cBK | ||
| 999 |
_c89451 _d89451 |
||